000 00202nam a22000977a 4500
999 _c64987
_d64984
082 _a297.1221ص د ی
100 _aصدیقی
245 _aتاریخ بیت اللہ
300 _a۲۱۲
942 _cBK